000
00273nam a22001337a 4500
008
170807b xxu||||| |||| 00| 0 eng d
020
_a
9781565922068
041
_a
eng
080
_a
004
100
_a
34
101
_a
SHK
245
_a
JAVA
_c
FARLEY,J
942
_2
udc
_c
BK
999
_c
22842
_d
22842